Structural analysis : (Record no. 1246)

000 -LEADER
fixed length control field 00409 a2200109 4500
020 ## - INTERNATIONAL STANDARD BOOK NUMBER
International Standard Book Number 0471402737 (cloth : alk. paper)
082 ## - DEWEY DECIMAL CLASSIFICATION NUMBER
Classification number 624.171 NEL
100 ## - MAIN ENTRY--PERSONAL NAME
Personal name Nelson, James K.
245 ## - TITLE STATEMENT
Title Structural analysis :
Remainder of title using classical and matrix methods /
Statement of responsibility, etc. James K. Nelson, Jack C. McCormac.
260 ## - PUBLICATION, DISTRIBUTION, ETC.
Place of publication, distribution, etc. New York :
Name of publisher, distributor, etc. Wiley,
Date of publication, distribution, etc. 2003.
300 ## - PHYSICAL DESCRIPTION
Extent xiv, 525 p. :
Other physical details ill. ;
Dimensions 26 cm. +
Accompanying material 1 CD-ROM (4 3/4 in.)
650 ## - SUBJECT ADDED ENTRY--TOPICAL TERM
Topical term or geographic name entry element Structural analysis (Engineering)
Holdings
Withdrawn status Lost status Damaged status Not for loan Permanent Location Current Location Shelving location Date acquired Total Checkouts Full call number Barcode Date last seen Date last checked out Price effective from Koha item type
        School of Civil and Environmental Engineering (SCEE) School of Civil and Environmental Engineering (SCEE)     2 624.171 NEL NIT-761 02/02/2022 11/11/2021 01/05/2017 Book
        School of Civil and Environmental Engineering (SCEE) School of Civil and Environmental Engineering (SCEE)     3   NIT-4002 06/07/2022 11/23/2021 01/05/2017 Book
© 2023 Central Library, National University of Sciences and Technology. All Rights Reserved.